000 00991cam a2200241 a 4500
001 12418474
005 20171215051828.0
008 010523s2002 nyua b 001 0 eng
010 _a 2001038066
020 _a0321011627 (softcover)
040 _aDLC
_cDLC
_dDLC
041 _aeng
043 _an-us---
080 _a305.800973 SKE
082 0 0 _a305.800973 SKE
_221
100 _a21
101 _aGJU
245 0 0 _aLiterature, race, and ethnicity :
_c[edited by] Joseph T. Skerrett, Jr.
504 _aIncludes bibliographical references (p. 529) and index.
906 _a7
_bcbc
_corignew
_d1
_eocip
_f20
_gy-gencatlg
942 _2ddc
_cBK
999 _c38998
_d38998